[Event "Festival A"]
[Site "Formia ITA"]
[Date "1994.07.23"]
[Round "8"]
[White "Vujovic, Milorad"]
[Black "Sulava, Nenad"]
[Result "0-1"]
[WhiteElo "2270"]
[BlackElo "2410"]
[PlyCount "78"]
[EventDate "1994.07.16"]

1. e4 c5 2. Nf3 e6 3. Nc3 a6 4. a4 Nc6 5. g3 h6 6. Bg2 g5 7. h3 Bg7 8. d3 d6 9.
Be3 Nd4 10. Qd2 Ne7 11. Nd1 Nec6 12. O-O O-O 13. Ne1 f5 14. exf5 Nxf5 15. c3
Qe7 16. Nc2 d5 17. d4 c4 18. Re1 Bd7 19. Qe2 Qf7 20. Bd2 Qg6 21. Bc1 h5 22.
Nde3 Nd6 23. Bf3 Rxf3 24. Qxf3 Rf8 25. Qe2 Ne4 26. Rf1 Rf7 27. Ne1 e5 28. dxe5
Bxh3 29. N1g2 Be6 30. Qd1 Nxe5 31. Nxd5 Bg4 32. f3 Nxf3+ 33. Rxf3 Bxf3 34. Ne7+
Kh7 35. Qd8 Qe6 36. Qg8+ Kh6 37. Bxg5+ Kxg5 38. Qd8 Qxe7 39. Qd5+ Rf5 0-1

[Event "Festival A"]
[Site "Formia ITA"]
[Date "1994.07.24"]
[Round "9"]
[White "Alterman, Boris"]
[Black "Grosar, Aljosa"]
[Result "1/2-1/2"]
[WhiteElo "2585"]
[BlackElo "2430"]
[PlyCount "129"]
[EventDate "1994.07.16"]

1. d4 Nf6 2. c4 e6 3. Nc3 Bb4 4. Qc2 c5 5. dxc5 Na6 6. a3 Bxc3+ 7. Qxc3 Nxc5 8.
f3 d5 9. cxd5 b6 10. Bg5 exd5 11. e3 Bd7 12. Ne2 Rc8 13. Bxf6 gxf6 14. Nd4 Qe7
15. Qd2 O-O 16. Kf2 Rfe8 17. Re1 Qe5 18. Bd3 Ba4 19. Bb1 Ne6 20. Qd3 Qh5 21.
Qf5 Qxf5 22. Nxf5 Rcd8 23. Re2 d4 24. exd4 Nxd4 25. Rxe8+ Bxe8 26. Rd1 Ne6 27.
Rxd8 Nxd8 28. Ke3 Bd7 29. Be4 Bxf5 30. Bxf5 Ne6 31. Ke4 Nc7 32. g3 h6 33. Kd4
Kf8 34. Bd3 Ke7 35. Bc4 Kf8 36. h4 Ke7 37. Ke4 Kf8 38. g4 Kg7 39. Bb3 Kg6 40.
Bc4 Kg7 41. Kd4 Kf8 42. Ba2 Kg7 43. f4 Kg6 44. Bb1+ Kg7 45. Bf5 Kf8 46. Ke4 Kg7
47. Bc8 Kg6 48. Bd7 Kg7 49. Bf5 Kf8 50. g5 hxg5 51. fxg5 fxg5 52. hxg5 Ke8 53.
Ke5 Ke7 54. Bg4 Ne8 55. Kd5 Nd6 56. Bh3 Nb5 57. Bf1 Nc7+ 58. Kc6 Ne6 59. Kb7
Kd6 60. Kxa7 Kc7 61. Bg2 Nxg5 62. b4 f5 63. a4 Ne4 64. a5 bxa5 65. bxa5 1/2-1/2

[Event "Festival A"]
[Site "Formia ITA"]
[Date "1994.07.24"]
[Round "9"]
[White "Bartolini, Tommaso"]
[Black "Picardi, Angelo"]
[Result "1/2-1/2"]
[WhiteElo "2090"]
[BlackElo "2123"]
[PlyCount "47"]
[EventDate "1994.07.16"]

1. d4 Nf6 2. Bg5 Ne4 3. h4 d5 4. Nd2 Nxd2 5. Qxd2 Bf5 6. e3 Nd7 7. Bd3 Bxd3 8.
Qxd3 h6 9. Bf4 e6 10. Nf3 Bd6 11. Bxd6 cxd6 12. Nd2 Qa5 13. c3 b5 14. e4 O-O
15. exd5 exd5 16. O-O Nb6 17. Rfe1 Nc4 18. b4 Qc7 19. Nxc4 dxc4 20. Qf5 Qc6 21.
d5 Qb6 22. Re4 a5 23. Rg4 Kh8 24. Qf3 1/2-1/2

[Event "Festival A"]
[Site "Formia ITA"]
[Date "1994.07.24"]
[Round "9"]
[White "Belotti, Bruno"]
[Black "Blancke, Stefan"]
[Result "1-0"]
[WhiteElo "2455"]
[BlackElo "2275"]
[PlyCount "131"]
[EventDate "1994.07.16"]

1. e4 Nf6 2. d3 e5 3. Nf3 Nc6 4. Be2 d5 5. Nbd2 Be7 6. c3 O-O 7. b4 a6 8. Bb2
Re8 9. O-O Bg4 10. a3 Bf8 11. Re1 Qd7 12. Qc2 Rad8 13. Rad1 Qc8 14. Nf1 Bh5 15.
Ng3 Bg6 16. Nh4 Ne7 17. Bf3 dxe4 18. dxe4 Qe6 19. Be2 Nc6 20. Nxg6 hxg6 21. Nf1
g5 22. Ne3 Rxd1 23. Rxd1 Rd8 24. Re1 g6 25. Bc4 Qc8 26. Nd5 Ne8 27. Bc1 g4 28.
a4 Rd6 29. Qa2 Qd7 30. b5 axb5 31. axb5 Ne7 32. Ne3 Rf6 33. Be2 Nd6 34. Nxg4
Re6 35. Rd1 Qe8 36. Qb1 Kh7 37. Ne3 Bh6 38. c4 b6 39. Nd5 Nxd5 40. cxd5 Re7 41.
Ba3 Qd7 42. Rd3 Re8 43. Rc3 Ra8 44. Bc1 Bg7 45. Qc2 Ra7 46. Rc6 Bf6 47. Bb2 Qe7
48. Bd3 Ne8 49. Qc3 Bg7 50. g3 Kg8 51. Kg2 Kh7 52. Qb3 Kg8 53. Rxg6 Nd6 54. Rg4
Qd7 55. h3 Kh7 56. Bc3 Qe8 57. Qb2 Ra4 58. Rh4+ Kg8 59. Rg4 Kh7 60. Qe2 Ra3 61.
Qd2 Bf6 62. Qb2 Ra4 63. Kg1 Qa8 64. Bxe5 Ra2 65. Bxf6 Rxb2 66. e5+ 1-0

[Event "Festival A"]
[Site "Formia ITA"]
[Date "1994.07.24"]
[Round "9"]
[White "Borgo, Giulio"]
[Black "Iashvili, Akaki"]
[Result "0-1"]
[WhiteElo "2320"]
[BlackElo "2425"]
[PlyCount "82"]
[EventDate "1994.07.16"]

1. e4 c5 2. Nf3 d6 3. d4 cxd4 4. Nxd4 Nf6 5. f3 Nc6 6. c4 Nxd4 7. Qxd4 g6 8.
Nc3 Bg7 9. Be3 O-O 10. Qd2 Nd7 11. Be2 f5 12. exf5 gxf5 13. O-O Ne5 14. Rad1
Be6 15. Nd5 Kh8 16. f4 Ng4 17. Bd4 Bxd5 18. Bxg7+ Kxg7 19. Qxd5 Qb6+ 20. Qd4+
Qxd4+ 21. Rxd4 Nf6 22. Bf3 Rad8 23. Rfd1 b6 24. b4 Rc8 25. Kf2 Rc7 26. Ke3 Rfc8
27. Be2 h5 28. h3 h4 29. Bd3 Kg6 30. Rg1 Nh5 31. Rd5 Ng3 32. Rc1 Kf6 33. a4 Rc6
34. a5 e6 35. Rb5 e5 36. axb6 axb6 37. Rd1 e4 38. Be2 Ra8 39. Rd2 Ra3+ 40. Kd4
Nxe2+ 41. Kd5 Rd3+ 0-1

[Event "Festival A"]
[Site "Formia ITA"]
[Date "1994.07.24"]
[Round "9"]
[White "Cialdea, Alberto"]
[Black "Liguori, Renato"]
[Result "1/2-1/2"]
[WhiteElo "1900"]
[BlackElo "1888"]
[PlyCount "68"]
[EventDate "1994.07.16"]

1. e4 e6 2. d4 d5 3. Nc3 dxe4 4. Nxe4 Nd7 5. Nf3 Ngf6 6. Nxf6+ Nxf6 7. Bd3 c5
8. O-O cxd4 9. Nxd4 Bd7 10. Bg5 Be7 11. Qe2 O-O 12. c3 Nd5 13. Bxe7 Qxe7 14.
Qe4 g6 15. Rfe1 Rfe8 16. Qg4 Qd6 17. Qf3 a6 18. Be4 Bc6 19. Rac1 Rac8 20. Nxc6
bxc6 21. Red1 Qc7 22. c4 Ne7 23. Rd2 Red8 24. Rcd1 Rxd2 25. Rxd2 Rd8 26. Rxd8+
Qxd8 27. b4 Qd2 28. h3 Qxb4 29. Qe2 a5 30. f3 a4 31. Qd1 Nf5 32. Bxf5 exf5 33.
Qd8+ Kg7 34. Qd4+ Kg8 1/2-1/2

[Event "Festival A"]
[Site "Formia ITA"]
[Date "1994.07.24"]
[Round "9"]
[White "Foisor, Ovidiu-Doru"]
[Black "Marinelli, Tullio"]
[Result "1/2-1/2"]
[WhiteElo "2440"]
[BlackElo "2375"]
[PlyCount "53"]
[EventDate "1994.07.16"]

1. c4 e5 2. g3 Nf6 3. Bg2 d5 4. cxd5 Nxd5 5. Nc3 Nb6 6. Nf3 Nc6 7. a3 Bd6 8.
O-O O-O 9. d3 Kh8 10. b4 f5 11. Bb2 a6 12. Rc1 Be6 13. Na4 Nxa4 14. Qxa4 Bd7
15. Qc2 Qe8 16. d4 e4 17. Ne5 a5 18. Nxd7 Qxd7 19. b5 Na7 20. a4 Nc8 21. Qb3
Nb6 22. e3 Qf7 23. Qxf7 Rxf7 24. Ra1 Nd5 25. Rfc1 h6 26. Ba3 Nb4 27. Rc4
1/2-1/2

[Event "Festival A"]
[Site "Formia ITA"]
[Date "1994.07.24"]
[Round "9"]
[White "Gagliardi, Pietro"]
[Black "Matkovic, Tonci"]
[Result "0-1"]
[WhiteElo "2195"]
[BlackElo "2255"]
[PlyCount "106"]
[EventDate "1994.07.16"]

1. e4 e5 2. Nf3 Nc6 3. Bb5 a6 4. Ba4 Nf6 5. O-O Be7 6. Re1 b5 7. Bb3 O-O 8. c3
d6 9. h3 Re8 10. d4 Bf8 11. d5 Na5 12. Bc2 Bd7 13. a4 c5 14. Nbd2 c4 15. axb5
axb5 16. Nf1 h6 17. Ng3 g6 18. Nh2 Qc7 19. Be3 Nb7 20. Qf3 Nh7 21. Ng4 Bxg4 22.
hxg4 Nc5 23. Qe2 Qe7 24. f3 Ra7 25. Nh1 Rea8 26. Rxa7 Rxa7 27. Nf2 Qh4 28. Nh3
Ng5 29. Nxg5 hxg5 30. Qf2 Ra2 31. Qxh4 gxh4 32. Rb1 Be7 33. g5 Bd8 34. Kh2 Bb6
35. Kh3 Nd7 36. Bxb6 Nxb6 37. Bd1 Nd7 38. Kxh4 Nc5 39. Bc2 Kf8 40. g3 Nd3 41.
Bxd3 cxd3 42. Kg4 d2 43. f4 Rxb2 44. Rd1 Rc2 45. fxe5 dxe5 46. Kh3 Rxc3 47.
Rxd2 Rc4 48. Re2 b4 49. Kg4 b3 50. Kf3 Rc3+ 51. Kg4 Ke7 52. Kh3 Kd6 53. Rf2 Rc7
0-1

[Event "Festival A"]
[Site "Formia ITA"]
[Date "1994.07.24"]
[Round "9"]
[White "Godena, Michele"]
[Black "Tan, Chengxuan"]
[Result "1-0"]
[WhiteElo "2485"]
[BlackElo "2380"]
[PlyCount "125"]
[EventDate "1994.07.16"]

1. e4 c5 2. c3 Nf6 3. e5 Nd5 4. Nf3 Nc6 5. d4 cxd4 6. cxd4 d6 7. Bc4 Nb6 8. Bb5
dxe5 9. Nxe5 Bd7 10. Nxd7 Qxd7 11. Nc3 e6 12. O-O Be7 13. Qg4 O-O 14. Rd1 f5
15. Qf3 Rad8 16. Bf4 Bf6 17. Kf1 Qc8 18. Bxc6 Qxc6 19. Qxc6 bxc6 20. Ne2 Rd7
21. Rac1 Rfd8 22. Rxc6 e5 23. Bc1 exd4 24. Rd3 Nd5 25. Bd2 Rb8 26. Rc2 Ne7 27.
Nf4 g6 28. Ra3 Rb6 29. Nd3 Nc6 30. Ke2 Kf7 31. Kd1 Re7 32. Bf4 Rd7 33. Ra4 g5
34. Rac4 Na5 35. Rc7 Rxc7 36. Rxc7+ Kg6 37. Bd2 Nb7 38. b4 a6 39. a4 Nd8 40. a5
Rd6 41. b5 axb5 42. Nb4 Ne6 43. Rb7 Nc5 44. Rxb5 Na6 45. Nxa6 Rxa6 46. Rb6 Ra8
47. Bb4 Kf7 48. a6 d3 49. Bc5 Be5 50. g3 h5 51. Kd2 f4 52. Kxd3 fxg3 53. fxg3
h4 54. gxh4 gxh4 55. h3 Bg3 56. Kc4 Ke8 57. Kb5 Kd7 58. Rg6 Rb8+ 59. Bb6 Rf8
60. a7 Rh8 61. Ka6 Ke7 62. Kb7 Kf7 63. Rc6 1-0

[Event "Festival A"]
[Site "Formia ITA"]
[Date "1994.07.24"]
[Round "9"]
[White "Langeweg, Kick"]
[Black "Foisor, Cristina-Adela"]
[Result "1/2-1/2"]
[WhiteElo "2390"]
[BlackElo "2405"]
[PlyCount "128"]
[EventDate "1994.07.16"]

1. d4 Nf6 2. Nf3 g6 3. c3 Bg7 4. Bf4 O-O 5. e3 d6 6. h3 c5 7. Bc4 b6 8. O-O Bb7
9. Nbd2 Nbd7 10. Bh2 Qc7 11. Re1 Ne4 12. Nxe4 Bxe4 13. Ng5 Bb7 14. Qb3 e6 15.
Bxe6 fxe6 16. Nxe6 Qc6 17. Nxc5+ d5 18. Nxb7 Qxb7 19. e4 Nf6 20. e5 Ne8 21. e6
Rc8 22. Re2 Qc6 23. Rae1 Qc4 24. Bg3 Bf6 25. Qa3 a5 26. Be5 Bg5 27. g3 Rf3 28.
Kg2 Rd3 29. h4 Bd8 30. Re3 b5 31. Rxd3 Qxd3 32. Re3 Qf5 33. e7 Bc7 34. Qb3 Qd7
35. h5 a4 36. Qc2 Bxe5 37. Rxe5 Rc6 38. Qe2 Rf6 39. f4 Kg7 40. Qf3 Rf5 41. hxg6
hxg6 42. g4 Rxe5 43. fxe5 Qxe7 44. Qxd5 Nc7 45. Qc6 Qf7 46. e6 Nxe6 47. Qxb5
Nf4+ 48. Kg3 Nd5 49. Qb8 Kh7 50. Qe5 a3 51. bxa3 Nxc3 52. a4 Nxa2 53. d5 Nb4
54. d6 Nc6 55. Qe4 Qd7 56. Qd5 Nd8 57. a5 Nc6 58. a6 Nb8 59. Qb7 Qxb7 60. axb7
Kg7 61. Kf4 Kf6 62. Ke4 Ke6 63. Kf4 Kf6 64. Ke4 Ke6 1/2-1/2

[Event "Festival A"]
[Site "Formia ITA"]
[Date "1994.07.24"]
[Round "9"]
[White "Lanzani, Mario"]
[Black "Konopka, Michal"]
[Result "0-1"]
[WhiteElo "2320"]
[BlackElo "2455"]
[PlyCount "68"]
[EventDate "1994.07.16"]

1. e4 Nf6 2. e5 Nd5 3. Nc3 Nxc3 4. bxc3 d5 5. d4 c5 6. f4 Nc6 7. Nf3 Bg4 8. Be2
e6 9. Rb1 Rb8 10. O-O Be7 11. Be3 O-O 12. h3 Bxf3 13. Rxf3 Qa5 14. f5 exf5 15.
Qd3 Qxa2 16. Rbf1 g6 17. Bh6 cxd4 18. Rxf5 dxc3 19. Qg3 Nd4 20. R5f2 Qxc2 21.
Bd3 Qa4 22. Kh2 Ne6 23. Rxf7 Rxf7 24. Bxg6 Rg7 25. Bxg7 Nxg7 26. Rf4 Qc6 27.
Rg4 Bf8 28. Bc2 Re8 29. Qd3 Qh6 30. Qxd5+ Kh8 31. Qf7 Qe6 32. Qxb7 Qxe5+ 33.
Kh1 Bd6 34. Kg1 Qe1# 0-1

[Event "Festival A"]
[Site "Formia ITA"]
[Date "1994.07.24"]
[Round "9"]
[White "Manca, Federico"]
[Black "Serebrjanik, Alexander"]
[Result "1-0"]
[WhiteElo "2375"]
[BlackElo "2420"]
[PlyCount "99"]
[EventDate "1994.07.16"]

1. e4 c5 2. c3 d5 3. exd5 Qxd5 4. d4 Nf6 5. Nf3 Bg4 6. Be2 e6 7. h3 Bh5 8. O-O
cxd4 9. cxd4 Nc6 10. Nc3 Qd6 11. Qb3 Qb4 12. g4 Bg6 13. Bb5 Qxb3 14. axb3 Bd6
15. Ne5 Bxe5 16. dxe5 Nd7 17. f4 O-O 18. Be3 Nb6 19. f5 exf5 20. gxf5 Bh5 21.
e6 fxe6 22. fxe6 Rxf1+ 23. Rxf1 h6 24. Bc5 Re8 25. e7 Bf7 26. Rd1 Nc8 27. Rd7
a6 28. Bxc6 bxc6 29. Ne4 Bg6 30. Rd8 Kf7 31. Rxc8 Bxe4 32. Rd8 Bd5 33. b4 Be6
34. h4 g5 35. hxg5 hxg5 36. Kf2 g4 37. Kg3 Bc8 38. Kf4 Be6 39. Ke5 Bd5 40. Kf4
Be6 41. Kg3 Bc8 42. Rd4 Bf5 43. Kf4 Bg6 44. Kxg4 Rg8 45. Rf4+ Kg7 46. Rf8 Be8
47. Kf5 Kh7 48. Ke6 Rg6+ 49. Ke5 Rg5+ 50. Kd6 1-0

[Event "Festival A"]
[Site "Formia ITA"]
[Date "1994.07.24"]
[Round "9"]
[White "Nannelli, Paolo"]
[Black "Vignato, Giovanni"]
[Result "1/2-1/2"]
[WhiteElo "1992"]
[BlackElo "1960"]
[PlyCount "35"]
[EventDate "1994.07.16"]

1. d4 d5 2. c4 e6 3. Nc3 c6 4. cxd5 exd5 5. Bf4 Nf6 6. e3 Bf5 7. Nf3 Bd6 8. Ne5
O-O 9. Be2 Qe7 10. O-O Nbd7 11. Nxd7 Qxd7 12. Bg3 Bxg3 13. hxg3 Qd6 14. Rc1 Ne4
15. Bd3 Nxc3 16. Rxc3 Bxd3 17. Qxd3 g6 18. Rc2 1/2-1/2

[Event "Festival A"]
[Site "Formia ITA"]
[Date "1994.07.24"]
[Round "9"]
[White "Pagnoncelli, Marco"]
[Black "Martorelli, Antonio"]
[Result "0-1"]
[WhiteElo "1900"]
[BlackElo "2245"]
[PlyCount "118"]
[EventDate "1994.07.16"]

1. e4 c5 2. Nf3 e6 3. d4 cxd4 4. Nxd4 a6 5. Nc3 Qc7 6. Bd3 Nc6 7. Nxc6 dxc6 8.
O-O e5 9. Be3 Nf6 10. f3 Bd6 11. a4 Qe7 12. a5 Bc5 13. Qe2 Nh5 14. Bxc5 Qxc5+
15. Qf2 Qe7 16. Rfd1 Nf4 17. Kh1 O-O 18. Bc4 Qb4 19. Bb3 Be6 20. Bxe6 Nxe6 21.
Na4 Qxa5 22. Qb6 Qxb6 23. Nxb6 Rad8 24. Nd7 Rfe8 25. Nxe5 Nd4 26. Rd2 Rxe5 27.
Rad1 Ra5 28. h3 c5 29. c3 Ra4 30. b3 Ra3 31. cxd4 Rxb3 32. dxc5 Rxd2 33. Rxd2
Kf8 34. Rc2 Rb1+ 35. Kh2 Ke7 36. Kg3 Kd7 37. Kf4 Kc6 38. Ke5 Rb4 39. h4 a5 40.
h5 h6 41. g4 a4 42. f4 a3 43. Ra2 Ra4 44. g5 Kxc5 45. f5 b5 46. f6 gxf6+ 47.
Kxf6 b4 48. Rc2+ Kd4 49. gxh6 b3 50. h7 Ra8 51. Rg2 Rh8 52. Kg7 Rxh7+ 53. Kxh7
b2 54. h6 b1=Q 55. Kh8 a2 56. Rd2+ Kxe4 57. Re2+ Kf3 58. Rxa2 Qxa2 59. h7 f5
0-1

[Event "Festival A"]
[Site "Formia ITA"]
[Date "1994.07.24"]
[Round "9"]
[White "Palac, Mladen"]
[Black "Giorgadze, Giorgi"]
[Result "0-1"]
[WhiteElo "2495"]
[BlackElo "2565"]
[PlyCount "77"]
[EventDate "1994.07.16"]

1. e4 g6 2. d4 c6 3. Nc3 d5 4. e5 Bg7 5. f4 Nh6 6. Nf3 Bg4 7. h3 Bxf3 8. Qxf3
f6 9. g4 fxe5 10. fxe5 Qb6 11. Qd3 Na6 12. Be3 O-O-O 13. O-O-O Nf7 14. Qd2 Qa5
15. Bxa6 Qxa6 16. Qe2 Qxe2 17. Nxe2 Bh6 18. Bxh6 Nxh6 19. Rdf1 Rdf8 20. Nf4 Kd7
21. Kd2 Rhg8 22. Nd3 b6 23. Nf4 g5 24. Ng2 Nf7 25. Rf5 e6 26. Rff1 c5 27. c3
Ke7 28. Ke3 h5 29. gxh5 Nh6 30. Kd3 Nf5 31. Ne3 c4+ 32. Kd2 Ng3 33. Rxf8 Rxf8
34. Rh2 Rh8 35. Rg2 Ne4+ 36. Ke2 Rxh5 37. Rh2 b5 38. a3 a5 39. Ng4 0-1

[Event "Festival A"]
[Site "Formia ITA"]
[Date "1994.07.24"]
[Round "9"]
[White "Sarno, Spartaco"]
[Black "Loncar, Robert"]
[Result "1-0"]
[WhiteElo "2390"]
[BlackElo "2410"]
[PlyCount "61"]
[EventDate "1994.07.16"]

1. c4 e5 2. Nc3 Nf6 3. Nf3 d6 4. d4 Nbd7 5. Bg5 c6 6. e3 Be7 7. Qc2 O-O 8.
O-O-O Qc7 9. Bd3 Re8 10. g4 Nf8 11. Bxf6 Bxf6 12. g5 Be7 13. Rhg1 a6 14. Ne4
Kh8 15. dxe5 dxe5 16. Qc3 Be6 17. Qxe5 Qxe5 18. Nxe5 f6 19. gxf6 gxf6 20. Nf3
Bf7 21. Nd4 Nd7 22. Nf5 Bh5 23. Be2 Bg6 24. Ned6 Bxd6 25. Nxd6 Re7 26. Nxb7 Rb8
27. Na5 Rb6 28. Rd6 Nc5 29. h4 Rd7 30. Rxd7 Nxd7 31. Rd1 1-0

[Event "Festival A"]
[Site "Formia ITA"]
[Date "1994.07.24"]
[Round "9"]
[White "Scacco, Mauro"]
[Black "Contin, Daniel"]
[Result "0-1"]
[WhiteElo "1998"]
[BlackElo "2425"]
[PlyCount "56"]
[EventDate "1994.07.16"]

1. Nf3 Nf6 2. b3 g6 3. Bb2 Bg7 4. c4 c5 5. e3 O-O 6. Be2 Nc6 7. O-O Re8 8. d4
cxd4 9. exd4 d5 10. Nbd2 Bf5 11. Ne5 Rc8 12. Ndf3 Ne4 13. a3 Nxe5 14. Nxe5 Be6
15. Bd3 Bxe5 16. dxe5 Nc5 17. cxd5 Qxd5 18. Bb5 Qxd1 19. Raxd1 Bxb3 20. Bxe8
Bxd1 21. e6 Nxe6 22. Rxd1 Rxe8 23. h4 Rd8 24. Rc1 f6 25. a4 Rd5 26. Rc4 Kf7 27.
g4 h5 28. g5 fxg5 0-1

[Event "Festival A"]
[Site "Formia ITA"]
[Date "1994.07.24"]
[Round "9"]
[White "Sedina, Elena"]
[Black "Leoncini, Mario"]
[Result "1-0"]
[WhiteElo "2335"]
[BlackElo "2195"]
[PlyCount "129"]
[EventDate "1994.07.16"]

1. e4 c5 2. Nf3 Nc6 3. Bb5 g6 4. Bxc6 dxc6 5. d3 Bg7 6. h3 Nf6 7. Nc3 O-O 8.
Be3 b6 9. Qd2 Re8 10. O-O-O e5 11. g4 Qc7 12. Nh4 Be6 13. Nf5 Bxf5 14. exf5 Nd5
15. Ne4 Nf6 16. f3 Nxe4 17. fxe4 Bf8 18. h4 Rad8 19. h5 Rd6 20. Qf2 Qd8 21.
hxg6 fxg6 22. Rdf1 Qf6 23. g5 Qe7 24. Rh3 Qc7 25. Rf3 Qd8 26. f6 Kh8 27. f7 Re7
28. Rh3 h5 29. gxh6 Rb7 30. Qg3 Re6 31. Bg5 Qd6 32. Qh4 Kh7 33. Rhf3 c4 34.
dxc4 Qd4 35. Qf2 Qxc4 36. Kb1 Qxe4 37. Rf6 Rxf6 38. Qxf6 Rd7 39. Qf2 Qg4 40.
Bc1 Rd1 41. Rxd1 Qxd1 42. Qe3 Qf1 43. a3 Qxf7 44. Qxe5 Bxh6 45. Qh2 Qg7 46.
Bxh6 Qxh6 47. Qc7+ Qg7 48. Qh2+ Kg8 49. Qb8+ Qf8 50. Qxa7 Qf1+ 51. Ka2 Qf7+ 52.
Qxf7+ Kxf7 53. Kb3 Ke6 54. Kc3 Ke5 55. Kd3 g5 56. Ke3 c5 57. b3 b5 58. c4 bxc4
59. bxc4 g4 60. a4 Kd6 61. Kf4 Kc6 62. Kxg4 Kb6 63. Kf4 Ka5 64. Ke5 Kxa4 65.
Kd6 1-0

[Event "Festival A"]
[Site "Formia ITA"]
[Date "1994.07.24"]
[Round "9"]
[White "Sulava, Nenad"]
[Black "Loeffler, Stefan"]
[Result "0-1"]
[WhiteElo "2410"]
[BlackElo "2420"]
[PlyCount "80"]
[EventDate "1994.07.16"]

1. d4 Nf6 2. c4 c5 3. d5 g6 4. Nc3 Bg7 5. e4 O-O 6. Bd3 e6 7. h3 exd5 8. exd5
Re8+ 9. Kf1 Na6 10. Nf3 Nb4 11. Bb1 b5 12. a3 bxc4 13. axb4 cxb4 14. Ne2 a5 15.
h4 Qb6 16. Ned4 Bb7 17. h5 Bxd5 18. hxg6 hxg6 19. Bh6 Bxf3 20. gxf3 Bxh6 21.
Rxh6 Re5 22. Bxg6 fxg6 23. Qc2 Ne4 24. Rd1 Kg7 25. Rh1 Nc5 26. Qxc4 Qa6 27. Nb5
Rb8 28. f4 Rh5 29. Rxh5 gxh5 30. Qxc5 Qxb5+ 31. Qxb5 Rxb5 32. Rxd7+ Kf6 33. Kg2
a4 34. Rd1 Kf5 35. Kf1 a3 36. bxa3 bxa3 37. Ra1 Rb3 38. Kg2 Kxf4 39. Ra2 Ke4
40. Re2+ Kd4 0-1

[Event "III Weekend"]
[Site "Grammichele ITA"]
[Date "1994.??.??"]
[Round "1"]
[White "Polara, Orazio"]
[Black "Alaimo, Riccardo"]
[Result "0-1"]
[WhiteElo "1516"]
[BlackElo "1837"]
[PlyCount "72"]
[EventDate "1994.??.??"]

1. e4 c5 2. Nf3 d6 3. d4 cxd4 4. Nxd4 Nf6 5. Nc3 a6 6. Bg5 e6 7. Bd3 Be7 8. O-O
O-O 9. Nb3 b5 10. a3 Bb7 11. f4 h6 12. e5 dxe5 13. fxe5 Nd5 14. Bxe7 Qxe7 15.
Qd2 Nd7 16. Rae1 N7b6 17. Ne4 Nd7 18. Ng3 Rac8 19. Rf2 Qd8 20. Nd4 Qc7 21. Nf3
Ne7 22. Ne4 Bxe4 23. Bxe4 Nc5 24. c3 Rfd8 25. Qe2 Nxe4 26. Qxe4 Rd5 27. Nd4 Nc6
28. Nxc6 Qxc6 29. Ref1 Qc5 30. h3 Rxe5 31. Qb7 Rf5 32. Qxa6 Rd8 33. g4 Rxf2 34.
Rxf2 Rd1+ 35. Kg2 Qd5+ 36. Rf3 Rd3 0-1

[Event "III Weekend"]
[Site "Grammichele ITA"]
[Date "1994.??.??"]
[Round "2"]
[White "Bruno, Franco"]
[Black "Alaimo, Riccardo"]
[Result "1/2-1/2"]
[WhiteElo "1791"]
[BlackElo "1837"]
[PlyCount "63"]
[EventDate "1994.??.??"]

1. e4 c5 2. Nf3 d6 3. d4 cxd4 4. Nxd4 Nf6 5. Nc3 a6 6. Be2 e5 7. Nb3 Be7 8. O-O
Be6 9. f4 Qc7 10. Nd5 Nxd5 11. exd5 Bf5 12. Bd3 Bxd3 13. Qxd3 O-O 14. f5 Nd7
15. Be3 Rac8 16. c3 Nf6 17. Qe2 Nxd5 18. Bd2 Nf6 19. g4 Qc4 20. Qxc4 Rxc4 21.
h3 Ne4 22. Be3 d5 23. Rad1 Rd8 24. Rfe1 f6 25. Kg2 Rd7 26. Nd2 Nxd2 27. Rxd2
Kf8 28. Red1 d4 29. cxd4 Bb4 30. Rf2 exd4 31. b3 Rc8 32. Rxd4 1/2-1/2

[Event "III Weekend"]
[Site "Grammichele ITA"]
[Date "1994.??.??"]
[Round "3"]
[White "Alaimo, Riccardo"]
[Black "Fabiano, Giuseppe"]
[Result "0-1"]
[WhiteElo "1837"]
[BlackElo "2210"]
[PlyCount "56"]
[EventDate "1994.??.??"]

1. e4 e5 2. Nf3 d6 3. d4 exd4 4. Nxd4 g6 5. Nc3 Bg7 6. Be3 Nf6 7. f3 O-O 8. Qd2
Re8 9. O-O-O Nc6 10. g4 Ne5 11. Be2 a6 12. h4 b5 13. Bg5 c5 14. Nb3 c4 15. Nd5
cxb3 16. axb3 Be6 17. h5 Bxd5 18. exd5 Rc8 19. hxg6 fxg6 20. Rh2 Nf7 21. Bf4
Nd7 22. Rdh1 Nf8 23. Bd3 Qf6 24. c3 b4 25. c4 Ne5 26. Be2 Ned7 27. Bd1 Nc5 28.
Bg3 a5 0-1

[Event "III Weekend"]
[Site "Grammichele ITA"]
[Date "1994.??.??"]
[Round "4"]
[White "Bonaccorsi, Fabrizio"]
[Black "Alaimo, Riccardo"]
[Result "1/2-1/2"]
[WhiteElo "2145"]
[BlackElo "1837"]
[PlyCount "29"]
[EventDate "1994.??.??"]

1. e4 c5 2. Nc3 Nc6 3. Nge2 e5 4. g3 d6 5. d3 Bg4 6. Bg2 Nd4 7. O-O Nf6 8. f3
Nxe2+ 9. Qxe2 Bd7 10. a4 Be7 11. f4 Bc6 12. fxe5 dxe5 13. Bg5 O-O 14. h3 Nd7
15. Be3 1/2-1/2

[Event "III Weekend"]
[Site "Grammichele ITA"]
[Date "1994.??.??"]
[Round "5"]
[White "Alaimo, Riccardo"]
[Black "Amato, Glauco"]
[Result "1-0"]
[WhiteElo "1837"]
[BlackElo "1600"]
[PlyCount "33"]
[EventDate "1994.??.??"]

1. e4 c5 2. Nc3 d6 3. f4 Nc6 4. Nf3 e6 5. Bb5 Bd7 6. O-O a6 7. Bxc6 Bxc6 8. d3
Ne7 9. Qe1 d5 10. f5 dxe4 11. dxe4 Bd7 12. Be3 Nc6 13. Rd1 Qc7 14. fxe6 Bxe6
15. Nd5 Qa5 16. Qxa5 Nxa5 17. Nc7+ 1-0

[Event "III Weekend"]
[Site "Grammichele ITA"]
[Date "1994.??.??"]
[Round "6"]
[White "Pafumi, Francesco"]
[Black "Alaimo, Riccardo"]
[Result "0-1"]
[WhiteElo "1749"]
[BlackElo "1837"]
[PlyCount "56"]
[EventDate "1994.??.??"]

1. e4 c5 2. c3 Nf6 3. e5 Nd5 4. d4 cxd4 5. Nf3 Nc6 6. Bc4 Nb6 7. Bxf7+ Kxf7 8.
Ng5+ Kg8 9. cxd4 e6 10. O-O h6 11. Ne4 d5 12. Ng3 Bd7 13. Nc3 Rc8 14. Qg4 Kh7
15. Nce2 Qe8 16. f4 Qg6 17. Qh3 Be7 18. Nh5 Rhf8 19. Rf3 Qc2 20. Qg4 Rf7 21. f5
exf5 22. Nf6+ Rxf6 23. Qh5 Rff8 24. Rg3 Be8 25. Rxg7+ Kxg7 26. Qxh6+ Kg8 27.
Nf4 Qd1+ 28. Kf2 Qg4 0-1

[Event "III Weekend"]
[Site "Grammichele ITA"]
[Date "1994.??.??"]
[Round "7"]
[White "Alaimo, Riccardo"]
[Black "De Marco, Ivan"]
[Result "1/2-1/2"]
[WhiteElo "1837"]
[BlackElo "1835"]
[PlyCount "52"]
[EventDate "1994.??.??"]

1. e4 c5 2. Nc3 Nc6 3. f4 d6 4. Nf3 Bg4 5. Bb5 e6 6. O-O Nge7 7. h3 Bxf3 8.
Qxf3 a6 9. Bxc6+ Nxc6 10. d3 Be7 11. Be3 Qb6 12. Rab1 Qc7 13. Ne2 Bf6 14. c3
O-O 15. d4 cxd4 16. cxd4 e5 17. fxe5 dxe5 18. d5 Nd4 19. Qg4 Qc2 20. Ng3 Qd3
21. Bh6 Qxg3 22. Qxg3 Ne2+ 23. Kh2 Nxg3 24. Kxg3 Be7 25. Be3 Rac8 26. Rbc1 Bd6
1/2-1/2

[Event "III Weekend"]
[Site "Grammichele ITA"]
[Date "1994.??.??"]
[Round "8"]
[White "Tondo, Salvatore"]
[Black "Alaimo, Riccardo"]
[Result "1-0"]
[WhiteElo "1947"]
[BlackElo "1837"]
[PlyCount "93"]
[EventDate "1994.??.??"]

1. e4 c5 2. d4 cxd4 3. c3 Nf6 4. e5 Nd5 5. Qxd4 e6 6. Nf3 Nc6 7. Qe4 f5 8. Qe2
Qc7 9. g3 d6 10. exd6 Bxd6 11. Bg2 O-O 12. Nbd2 Nf6 13. Nc4 e5 14. Nxd6 Qxd6
15. Be3 e4 16. Nd4 Ne5 17. O-O b6 18. Bf4 Qe7 19. Bxe5 Qxe5 20. f3 Bb7 21. fxe4
Nxe4 22. Rae1 Rae8 23. Qc4+ Bd5 24. Qb5 g6 25. Nf3 Qd6 26. Rd1 Bc6 27. Qb3+ Qe6
28. Qxe6+ Rxe6 29. Nd4 Ref6 30. Nxc6 Rxc6 31. Bxe4 fxe4 32. Rxf8+ Kxf8 33. Rd4
Re6 34. Kf2 Rf6+ 35. Ke2 Ke7 36. Rxe4+ Kd7 37. c4 Rf5 38. Rf4 Rh5 39. h4 Ra5
40. a3 Ke6 41. Ke3 h6 42. Kd4 a6 43. g4 g5 44. Re4+ Kf6 45. h5 Ra4 46. Kd5 b5
47. c5 1-0

[Event "XXXVI Festival Magistrale"]
[Site "Imperia ITA"]
[Date "1994.09.??"]
[Round "?"]
[White "Astengo, Marcello"]
[Black "Zoldan, Matteo"]
[WhiteElo "2080"]
[BlackElo "1900"]
[Result "0-1"]
[PlyCount "86"]
[EventDate "1994.09.03"]

1. d4 Nf6 2. c4 g6 3. d5 Bg7 4. Nc3 O-O 5. e4 d6 6. Bd3 Na6 7. Bg5 h6 8. Bh4 e5
9. h3 c6 10. g4 Qa5 11. Qd2 Nc5 12. Bc2 Qb4 13. b3 cxd5 14. cxd5 a5 15. Nge2
Kh7 16. f3 Bd7 17. Bf2 Rac8 18. O-O a4 19. bxa4 Bxa4 20. Rab1 Qa5 21. Rfc1 Bd7
22. Kg2 Rc7 23. h4 Rfc8 24. Qe3 b5 25. Be1 b4 26. Nd1 Na6 27. Rb2 Qa3 28. Qb3
Qxb3 29. axb3 Bb5 30. Kf2 Nd7 31. Ne3 Bf6 32. Kf1 Ndc5 33. Nc4 Nxb3 34. Nxd6
Bxe2+ 35. Kxe2 Nxc1+ 36. Kd1 Rd8 37. Nb5 Rc5 38. Ba4 Nd3 39. Rd2 Nxe1 40. Kxe1
Bxh4+ 41. Ke2 Bg5 42. Rb2 Rb8 43. Na7 Rb6 0-1